Countries by Unique Starting Letters - Statistics

General Stats
  • This quiz has been taken 1,235 times
  • The average score is 137 of 193
Answers on the Map
Answers color-coded by a green-red scale on the quiz's map according to % correct below.
 
Answer Stats
Hint Hint Country % Correct
509.33 187.2 O
92%
577 52 Ru
89%
488.3 208.2 Y
89%
143 66 Can
88%
151.0 182.0 Me
88%
386 105 Fr
87%
266 294 Bra
86%
615.0 140.9 Chin
86%
153 129 United S
86%
372 127.5 Sp
85%
234.0 373.0 Arg
84%
447.0 171.3 Eg
84%
341 43 Ic
84%
556 185.9 Indi
84%
416.4 124.2 It
84%
208 292 Pe
84%
450.6 96.0 Uk
84%
683.0 342.0 Austra
83%
218 384 Chil
83%
437 52 Fin
83%
401.7 57 Norw
83%
361.7 127.6 Por
83%
414.3 60.5 Swe
83%
232 235 Ve
83%
206.0 190.2 Cu
82%
404.0 89.9 Ger
82%
363.0 82.5 Ire
82%
533.0 100.0 Ka
82%
482.1 179.9 Sau
82%
377 86 United K
82%
401.5 73.5 Den
81%
693.3 140.0 Jap
81%
254.9 370.2 Ur
81%
384.2 167.2 Alg
80%
414.2 100.9 Austri
80%
216.3 247.5 Col
80%
204.0 265.5 Ec
80%
495.7 176.2 Q
80%
669 139 South K
80%
460.3 130.6 Turke
80%
635.5 264 Indo
79%
501.3 152.5 Iran
79%
478.8 149.9 Iraq
79%
614.2 104.1 Mong
79%
198 232.5 Pan
79%
248.9 339.7 Par
79%
423.6 87.1 Pol
79%
398.4 103.5 Swi
79%
391.0 91.0 Belg
78%
236.0 319.0 Bol
78%
419.3 172.9 Liby
78%
366.0 153.5 Mor
78%
665.7 127 North K
78%
431 365 South A
78%
624.3 219.9 Vi
78%
439.0 64.8 Est
77%
470.0 234.2 Et
77%
430 129 Gree
77%
218 196 Ha
77%
184.5 210.7 Ho
77%
438.0 70.6 Lat
77%
393 86.9 Net
77%
438 310 Za
77%
528.0 149.2 Af
76%
248 242 Guy
76%
459.0 157.0 Is
76%
434.3 76.3 Lit
76%
486.0 324.3 Mad
76%
535.7 164.2 Pak
76%
657 220.6 Ph
76%
436.7 107.1 Ro
76%
447.0 325.0 Zi
76%
443.4 81.2 Bela
75%
424.4 103.1 Hu
75%
488 230 Som
75%
449.6 239.5 South S
75%
448.5 209.5 Sud
75%
254.4 248.1 Sur
75%
608.0 207.9 Th
75%
401 148 Tun
75%
414.0 93.8 Cz
74%
180.4 215.0 El
74%
177.4 210.0 Gua
74%
462.3 158.9 Jo
74%
548.0 122.0 Ky
74%
188.2 218.1 Nic
74%
513.0 130.6 Turkm
74%
525 122.5 Uz
74%
422.6 209.4 Cha
73%
418.0 108.0 Cr
73%
206 200.2 Jam
73%
465.8 259.9 Ke
73%
610.3 194.9 Lao
73%
377 202.2 Mali
73%
569.8 166.5 Nep
73%
776.7 391.9 New
73%
467.0 143.0 Sy
73%
180.9 203.6 Beli
72%
437.8 117.9 Bul
72%
192.0 228.0 Cos
72%
221 197 Dominican
72%
466.3 209.2 Er
72%
597.0 188.5 My
72%
502.0 182.5 United A
72%
425.5 124.0 Alb
71%
487.6 125.0 Az
71%
616.0 219.1 Camb
71%
610.3 247.2 Malay
71%
398.0 230.8 Nigeri
71%
703.7 282.4 Pap
71%
423.0 98.0 Slova
71%
413.0 106.5 Slove
71%
562 235.3 Sr
71%
584.1 169.4 Bh
70%
421.0 113.0 Bos
70%
378.2 234.5 Gh
70%
427.6 113.0 Ser
70%
420.0 301.2 Ang
69%
480.5 125.0 Arm
69%
427.5 118.5 Ko
69%
545.2 133.5 Taj
69%
209.0 180.9 Baha
68%
583.0 181.8 Ban
68%
479 120 Geo
68%
467 309.5 Moz
68%
418 328 Nam
68%
459.1 282.5 Tan
68%
435.0 336.1 Bot
67%
444.0 360.5 Les
67%
354 195.5 Maurita
67%
429.5 121.7 North M
67%
359.2 239.6 Libe
66%
453.1 256.6 Ug
66%
433.0 267.2 Dem
65%
476.4 221.6 Dj
65%
487.0 162.9 Ku
65%
394.3 94.2 Lu
65%
444.4 102.0 Mol
65%
423.7 117.8 Mont
65%
447.8 267.7 Rw
65%
383.0 232.4 Tog
65%
427.6 239.0 Ce
64%
368.0 235.9 Iv
64%
347 212 Sen
64%
652.9 182.1 Tai
64%
407.0 247.0 Came
63%
451.3 350.1 Esw
63%
21.0 272.0 Ki
63%
461.7 146.8 Leb
63%
456.0 307.0 Malaw
63%
510.1 329.1 Mauriti
63%
385.7 225.0 Ben
62%
455.3 143.7 Cy
62%
782.9 320.1 Fij
62%
404.0 255.8 Eq
61%
412.9 141.1 Malt
61%
479.4 301.4 Com
60%
406.5 264 Gab
60%
347.7 220.3 Guinea-B
60%
416.9 260.5 Re
60%
384.0 118.7 And
59%
377.0 219.0 Burk
59%
326.7 206.9 Cap
59%
545.9 248.9 Mald
59%
506.5 276 Sey
59%
759 318.6 Van
59%
408.5 120.7 Vat
59%
344 216 Gam
58%
680.5 241.3 Pal
58%
742.1 295.0 Sol
58%
447.8 272.6 Buru
57%
760.6 232.2 Mar
57%
354.0 232.9 Sie
57%
397.2 114.5 Mona
56%
243.2 214.6 Saint L
56%
408.5 113.9 San
56%
395.5 260.6 São
56%
494.3 174.0 Bahr
55%
664.3 290.8 Ea
55%
402.0 103.1 Lie
55%
755 264 Nau
55%
239.4 203.4 Saint K
55%
798.1 328.7 Ton
55%
242.5 226.6 Tr
55%
785 295.3 Tuv
55%
246.5 217.0 Bar
54%
242.7 216.8 Saint V
54%
802.8 307.7 Sam
54%
241.4 204.0 Ant
51%
638.6 246.1 Bru
51%
241.6 220.6 Gren
51%
614.2 256.7 Sin
49%
717.7 235.2 Fe
47%
No matching quizzes found
Score Distribution
Percent of People with Each Score
Percentile by Number Answered
Your Score History
You have not taken this quiz